Turkic Countries - Sudden Death - Statistics

General Stats
  • This quiz has been taken 162 times
  • The average score is 5 of 7
Answers on the Grid
Answers color-coded by a green-red scale on the quiz's grid according to % correct below.
Turkey
Greece
Albania
Hungary
Mongolia
Azerbaijan
Kazakhstan
Armenia
Uzbekistan
Poland
Georgia
Syria
Kyrgyzstan
Turkmenistan
Iraq
Bulgaria
 
Answer Stats
Answer % Correct
Turkey
99%
Azerbaijan
73%
Kazakhstan
71%
Turkmenistan
71%
Uzbekistan
69%
Kyrgyzstan
67%
Hungary
36%
No matching quizzes found
Score Distribution
Percent of People with Each Score
Percentile by Number Answered
Your Score History
You have not taken this quiz